<?xml version="1.0" encoding="UTF-8"?>
<collection xmlns="http://www.loc.gov/MARC21/slim">
 <record>
  <leader>00571cam a2200181 7i4500</leader>
  <controlfield tag="001">0000039991</controlfield>
  <controlfield tag="005">20050331090000.0</controlfield>
  <datafield tag="020" ind1="#" ind2="0">
   <subfield code="a">1871516056 </subfield>
  </datafield>
  <datafield tag="090" ind1="0" ind2="0">
   <subfield code="a">JC 311 </subfield>
   <subfield code="b">N271</subfield>
  </datafield>
  <datafield tag="245" ind1="0" ind2="0">
   <subfield code="a">National identity  </subfield>
   <subfield code="c">edited by Keith Cameron.</subfield>
  </datafield>
  <datafield tag="260" ind1="#" ind2="#">
   <subfield code="a">Exeter, England: </subfield>
   <subfield code="b">Intellect, </subfield>
   <subfield code="c">1999.</subfield>
  </datafield>
  <datafield tag="300" ind1="#" ind2="#">
   <subfield code="a">iv, 155 p.: </subfield>
   <subfield code="b">ill., maps; </subfield>
   <subfield code="c">24 cm..</subfield>
  </datafield>
  <datafield tag="490" ind1="0" ind2="0">
   <subfield code="a">Intellect European studies series</subfield>
  </datafield>
  <datafield tag="650" ind1="0" ind2="0">
   <subfield code="a">aNationalism -- </subfield>
   <subfield code="z">Europe </subfield>
  </datafield>
  <datafield tag="650" ind1="0" ind2="0">
   <subfield code="a">aNationalism and art -- </subfield>
   <subfield code="z">Europe </subfield>
  </datafield>
  <datafield tag="650" ind1="0" ind2="0">
   <subfield code="a">Nationalism </subfield>
  </datafield>
  <datafield tag="700" ind1="1" ind2="1">
   <subfield code="a">Cameron, </subfield>
   <subfield code="h">Keith </subfield>
  </datafield>
  <datafield tag="999" ind1=" " ind2=" ">
   <subfield code="a">1100029530</subfield>
   <subfield code="b">Book</subfield>
   <subfield code="c">Open Shelf</subfield>
   <subfield code="e">KOLEKSI TERBUKA</subfield>
  </datafield>
 </record>
</collection>
